| 000 | 01047nam a2200289 i 4500 | ||
|---|---|---|---|
| 001 | bg | ||
| 003 | BPK | ||
| 005 | 20220726094213.0 | ||
| 008 | 020403s2002 pl f f |000 0 pol | ||
| 015 | _aPB 2002/5252 | ||
| 020 | _a8386605987 | ||
| 040 |
_aWA N _cBPK |
||
| 080 | _a349.44(438) | ||
| 080 | _a(075.8) | ||
| 100 | 1 |
_aLeoński, Zbigniew _d(1929-2006) _eAutor |
|
| 245 | 1 | 0 |
_aZasady prawa budowlanego i zagospodarowania przestrzennego / _cZbigniew Leoński, Marek Szewczyk. |
| 250 | _aStan prawny na dzień 30 listopada 2001 r. | ||
| 260 |
_aBydgoszcz : _b"Branta", _c2002. |
||
| 300 |
_a326 s. ; _c21 cm. |
||
| 650 | 4 |
_aBudownictwo _xprawo _zPolska. |
|
| 650 | 4 |
_aPlanowanie przestrzenne _xprawo _zPolska. |
|
| 655 | 4 | _aPodręczniki akademickie | |
| 700 | 1 |
_aSzewczyk, Marek _d(1954- ). _eAutor |
|
| 710 | 2 |
_aAgencja Marketingowa, Oficyna Wydawnicza Branta _4pbl. |
|
| 856 |
_uhttp://koha.tu.koszalin.pl/cgi-bin/koha/opac-detail.pl?biblionumber=44800 _yKatalog online BPK |
||
| 942 |
_2UKD _cKS |
||
| 999 |
_c44800 _d44800 |
||